「帰れま10」のランキングから店名を当てる #2 - Statistics

General Stats
  • This quiz has been taken 229 times
  • The average score is 8 of 10
Answer Stats
答え % Correct
サーティワンアイスクリーム
98%
モスバーガー
94%
くら寿司
93%
珈琲所コメダ珈琲店
89%
牛角
87%
びっくりドンキー
85%
蒙古タンメン中本
79%
{セブンイレブン}(冷凍&惣菜編)
72%
天下一品
55%
一軒め酒場
12%
No matching quizzes found
Score Distribution
Percent of People with Each Score
Percentile by Number Answered
Your Score History
You have not taken this quiz